Responses for Show #6361 - Monday, April 23, 2012

Contestants

[<< previous game]

Cindy Vanderbur, a health insurance contract specialist from Madison, Indiana

Mike Garrett, a magazine editor from Kamloops, British Columbia

Dan Adkison, a copy editor from Brooklyn, New York (whose 3-day cash winnings total $37,400)

[next game >>]

Jeopardy! Round responses

GREG-CELLENT!
BOOK LEARNIN'
BIG (& NOT-SO-BIG) BIRD
FIVE FINGER EXERCISE
I LOVE PARIS
IN THE "SPRING" TIME
    $200 19
House

Cindy
    $200 1
(Mike: What's an appendix?)
(Alex: Appendix? Be more specific.)
(Mike: Uh, what's source appendix?)

a bibliography

DanMike
    $200 10
a turkey

Dan
    $200 11
(Mike: What is 1941?)

1944

DanMike
    $200 24
spring break

Cindy
    $400 21
The Wiggles

Cindy
    $400 2
a caption

Dan
    $400 4
a flamingo

Dan
    $400 28
middle C

Cindy
    $400 12
Luxor

Cindy
    $400 25
a spring roll

Cindy
    $600 20
Greg Kinnear

Mike
    $600 3
abridge

Cindy
    $600 7
an owl

Cindy
    $600 26
index

Cindy
    $600 13
white nights

Cindy
    $600 16
spring cleaning

Cindy
    $800 22
B.J. and the Bear

Cindy
    $1,000 5
a folio (or a leaf)

Dan
    $800 8
a loon

Dan
    $800 27
(Dan: What is Thinky?)
(Alex: [*]. Yes. No. And I gave the correct response. I thought he said, [*]. What did you say?)
(Dan: I said, "Thinky".)
(Alex: "Thinky"?)
[Dan laughs.]
(Alex: Oh. I've never even heard of that one.)

Pinky

Dan
Triple Stumper
    $800 14
the iron mask

Cindy
    $800 17
a springer spaniel

Cindy
    $1000 23
Gregory Peck

Cindy
    $1000 6
copy editing

Dan
    $1000 9
the Emperor

Dan
    $1000 29
[The end-of-round signal sounds.]

the ring gauge

Triple Stumper
    $1000 15
(Mike: What is Ypres?)

the Marne

Mike
Triple Stumper
    $1000 18
a springboard

Mike

Scores at the first commercial break (after clue 15):

Dan Mike Cindy
$5,200 -$1,400 $3,000

Scores at the end of the Jeopardy! Round:

Dan Mike Cindy
$4,400 $200 $8,400

Double Jeopardy! Round responses

WATERFALLS
COMPLETE THE COMPANY NAME
IN THE DICTIONARY
APRIL 23: BAD DAY FOR WRITERS
"HOW TO" ENTERTAIN
TIME PIECES
    $400 19
Twin Falls

Cindy
    $400 20
Hill

Cindy
    $400 1
How to Succeed in Business Without Really Trying

Cindy
    $400 4
Christopher Reeve

Mike
    $800 18
Horseshoe Falls

Cindy
    $800 3
Martin

Dan
    $800 28
[The end-of-round signal sounds.]

a hiccup

Dan
    $800 21
Cervantes

Cindy
    $800 8
How to Train Your Dragon

Cindy
    $800 5
Hitler

Mike
    $1200 17
Michigan

Mike
    $1200 2
Faber

Mike
    $1200 27
split

Cindy
    $1200 22
the Vietnam War

Mike
    $1200 9
How to Marry a Millionaire

Mike
    $1200 6
(Mike: Who was Caruso?)
(Dan: Who is Castro?)

Elvis Presley

DanMike
Triple Stumper
    $4,000 16
Falling Waters

Cindy
    $1600 13
Rand

Mike
    $1600 26
a tongue

Mike
    $1600 23
(Alex: Correct, with less than a minute to go.)

Wordsworth

Dan
    $1600 10
How to Lose a Guy in 10 Days

Triple Stumper
    $2,000 7
(Mike: What is 2001?)
(Alex: No. The reference was to Neil Armstrong going down the ladder in July of [*], landing on the Moon.)

1969

Mike
    $2000 15
a moonbow

Cindy
    $2000 14
Dwight

Dan
    $2000 25
(Dan: What is a piling?)

an abutment

Dan
Triple Stumper
    $2000 24
(Cindy: Who is Joyce Kilmer?)

Rupert Brooke

Cindy
Triple Stumper
    $2000 11
How to Make it in America

Triple Stumper
    $2000 12
busing

Mike

Scores at the end of the Double Jeopardy! Round:

Dan Mike Cindy
$6,400 $8,200 $17,200
(lock game)

[wagering suggestions for these scores]

Final Jeopardy! Round responses

AMERICAN HISTORY
(Alex: [Revealing Mike's response] He thought of the Battle of Trenton there in 1776.)
DanWhat is North Carolina
$6,399
MikeWhat Is New Jersey?
$4,601
CindyWhat is New Jersey?
$799
New Jersey

Final scores:

Dan Mike Cindy
$1 $12,801 $17,999
3rd place: $1,000 2nd place: $2,000 New champion: $17,999

Game dynamics:

Coryat scores:

Dan Mike Cindy
$6,200 $10,200 $14,800
13 R
(including 1 DD),
3 W
11 R,
5 W
(including 1 DD)
24 R
(including 1 DD),
1 W

Combined Coryat: $31,200

[game clues] [game scores] [suggest correction]

Game tape date: 2011-12-20
The J! Archive is created by fans, for fans. Scraping, republication, monetization, and malicious use prohibited; this site may use cookies and collect identifying information. See terms. The Jeopardy! game show and all elements thereof, including but not limited to copyright and trademark thereto, are the property of Jeopardy Productions, Inc. and are protected under law. This website is not affiliated with, sponsored by, or operated by Jeopardy Productions, Inc. Join the discussion at JBoard.tv.